000 01543naa a22003617a 4500
001 BR8501041
003 BR-BrBNA
005 20240918175538.0
007 ta
008 230509b bl.||||| |||| 00| 0 por d
040 _aBR-BrBNA
_bpor
_cBiblioteca Nacional de Agricultura
041 _a(Pt)
072 _aF00
_b0940
_bG514
090 _aF00 BR8501041
100 1 _aAlbuquerque, J.A.S. de
100 1 _aAlbuquerque, T.C.S. de
111 1 _a7. Congresso Brasileiro de Fruticultura
_cFlorianopolis, SC (Brazil)
_d26-30 Sep 1983
245 1 _aUso de produtos quimicos na quebra de dormencia de gemas da videira na regiao do Sub-Medio Sao Francisco [Vitis vinifera, Regiao Nordeste, Brasil]
246 1 _aThe use of agricultural chemicals in breaking dormancy of grape buds in the region of Submeddle Sao Francisco Valley [Vitis vinifera, Northeast, Brazil]
246 1 _a[Proceedings of the 7. Brazilian Congress on Fruit Crops]
260 3 _aFlorianopolis, SC (Brasil):
_c1984.
500 _aAnais do 7. Congresso Brasileiro de Fruticultura Florianopolis, SC (Brasil): 1984. v. 4 p. 1188-1199 (BR8501041-AM)F00
650 _aUVA
650 _aVARIEDADE
650 _aDORMENCIA DA SEMENTE
650 _aCOMPOSTO QUIMICO
650 _aQUEBRA DA DORMENCIA
650 _aSUB-MEDIO SAO FRANCISCO
650 _aREGIAO NORDESTE
773 0 _tAnais do 7. Congresso Brasileiro de Fruticultura
_wF00 BR8501041
_gFlorianopolis, SC (Brasil), 1984. v. 4 p. 1188-1199
909 _a202404
_bLucia
_c55
_dLucia Elande
942 _cAM
_2AGRIS
999 _c317206
_d317206